000
00268nam a22001217a 4500
999
_c
167064
_d
167064
082
_a
_b
100
_a
Indira S
245
_a
Gandhiyan doctrine of truseeship/
_c
by Indira S.
260
_a
New Delhi:
_b
Discovery,
_c
1991.
300
_a
650
_a
942
_c
BK